The Greatness Guide 2 (Record no. 2530)

MARC details
000 -LEADER
fixed length control field 00389nam a22001697a 4500
005 - DATE AND TIME OF LATEST TRANSACTION
control field 20160613144643.0
008 - FIXED-LENGTH DATA ELEMENTS--GENERAL INFORMATION
fixed length control field 160613b xxu||||| |||| 00| 0 eng d
020 ## - INTERNATIONAL STANDARD BOOK NUMBER
ISBN 978-81-7992-814-1
041 ## - LANGUAGE CODE
Language code of text/sound track or separate title eng
082 ## - DEWEY DECIMAL CLASSIFICATION NUMBER
Item number 7265
100 ## - MAIN ENTRY--AUTHOR NAME
Personal name Sharma, Robin
245 ## - TITLE STATEMENT
Title The Greatness Guide 2
260 ## - PUBLICATION, DISTRIBUTION, ETC. (IMPRINT)
Name of publisher Jaico Books
Year of publication 2010
300 ## - PHYSICAL DESCRIPTION
Number of Pages 203
650 ## - SUBJECT ADDED ENTRY--TOPICAL TERM
Topical Term Management
942 ## - ADDED ENTRY ELEMENTS (KOHA)
Koha item type Books
Holdings
Lost status Damaged status Collection code Home library Current library Shelving location Date acquired Cost, normal purchase price Full call number Accession Number Koha item type
    LIFE SKILL JRU Library JRU Library SHELF-102-J 13/06/2016 195.00 158.1 7265 Books